Alamak,sekolahku kotor! : the recycling campaign
| Main Author: | |
|---|---|
| Other Authors: | |
| Format: | Book |
| Published: |
Selangor :
Pustaka Nurani ,
2020
|
| Series: | Siri dwibahasa wadah genius
|
| Subjects: |
MARC
| LEADER | 00000cam a2200000 7i4500 | ||
|---|---|---|---|
| 001 | 0000278657 | ||
| 005 | 20210121093754.0 | ||
| 020 | |a 9789670945767 | ||
| 090 | 0 | 0 | |a JF |b ZAB |
| 100 | 0 | |a Zabrri Hazry | |
| 245 | 1 | 0 | |a Alamak,sekolahku kotor! : |b the recycling campaign |c Zabrri Hazry, Veedhra |
| 260 | |a Selangor : |b Pustaka Nurani , |c 2020 | ||
| 300 | |a 30p. : |b ill.,col. ; |c 26cm. | ||
| 490 | 0 | |a Siri dwibahasa wadah genius | |
| 650 | 0 | |a Children's stories, Malay | |
| 700 | 0 | |a Veedra | |
| 999 | |a 00384680 |b BUKU |c PINJAMAN |e PERPUSTAKAAN KOMUNITI PETALING JAYA | ||